| 000 | 00657nam a2200205 i 4500 | ||
|---|---|---|---|
| 001 | 155365 | ||
| 003 | ES-MaACL | ||
| 005 | 20251017063107.0 | ||
| 008 | 040720s1882 phl |||| | spa d | ||
| 040 |
_aCAM _bspa _cCAM |
||
| 100 | 1 |
_aHerrejon, Santos, _c(O.F.M.) _9127925 |
|
| 245 | 1 | 0 |
_aLecciones de gramática bicol-hispana / _ccompuesta por Santos Herrejon. |
| 250 | _a1ª ed. | ||
| 260 |
_aBinondo : _b[s.n.], _c1882 ( _fEstab. Tip. de M. Pérez, hijo) |
||
| 300 |
_a211 p. ; _c23 cm. |
||
| 650 | 4 |
_aLengua bicol. _9162861 |
|
| 651 | 4 |
_aLenguas filipinas. _9206414 |
|
| 852 |
_aES-MaACL _jB-4439 _z- Enc. hol. |
||
| 999 |
_c155365 _d155365 |
||